[Event "26th WSCC 2016 Open 65+"]
[Site "Marianske Lazne, Czech Republic - Hotel Cristal and Continental"]
[Date "2016.11.22"]
[Round "4.87"]
[White "Goncharov, Viktor"]
[Black "Andersson, Finn"]
[Result "1-0"]
[WhiteElo "2125"]
[BlackElo "1833"]
[PlyCount "75"]
[EventDate "2016.11.19"]

1. Nf3 Nf6 2. g3 g6 3. b3 d5 4. Bb2 Bg7 5. Bg2 O-O 6. c4 e6 7. d3 b6 8. O-O Bb7
9. Nbd2 c5 10. Rb1 Nc6 11. Ne5 Nxe5 12. Bxe5 Nd7 13. Bxg7 Kxg7 14. b4 Qc7 15.
bxc5 Nxc5 16. d4 Nd7 17. cxd5 exd5 18. Qa4 Qd6 19. Rfc1 Rfe8 20. Bf3 Nf6 21.
Nc4 dxc4 22. Bxb7 Rad8 23. e3 Re7 24. Bf3 Qe6 25. Qxc4 Qf5 26. Kg2 Red7 27. Rb5
Nd5 28. e4 Nf4+ 29. gxf4 Qxf4 30. d5 Rd6 31. Rb3 g5 32. Qc3+ Kf8 33. Qe3 Qh4
34. Rg1 g4 35. Kf1 h5 36. e5 Rg6 37. Be4 Rg5 38. Qg3 1-0

[Event "26th WSCC 2016 Open 65+"]
[Site "Marianske Lazne, Czech Republic - Hotel Cristal and Continental"]
[Date "2016.11.22"]
[Round "4.88"]
[White "Carlsten, Peter"]
[Black "Wibe, Per H"]
[Result "1-0"]
[WhiteElo "2099"]
[BlackElo "1805"]
[PlyCount "59"]
[EventDate "2016.11.19"]

1. e4 Nf6 2. Nc3 d6 3. d4 Nbd7 4. Nf3 e5 5. Bc4 h6 6. O-O c6 7. a4 Be7 8. Re1
O-O 9. a5 Nh7 10. Be3 Ng5 11. Nxg5 Bxg5 12. Qd2 exd4 13. Qxd4 Ne5 14. Bb3 Bf6
15. Qd2 Bg4 16. h3 Bf3 17. Bd4 Bg5 18. Be3 Qf6 19. Bxg5 hxg5 20. Re3 g4 21.
hxg4 Qg5 22. Ne2 Qxg4 23. Ng3 g6 24. gxf3 Nxf3+ 25. Rxf3 Qxf3 26. Qxd6 Rad8 27.
Qxg6+ Kh8 28. Qh6+ Kg8 29. Nf5 Qg4+ 30. Kh2 1-0

[Event "26th WSCC 2016 Open 65+"]
[Site "Marianske Lazne, Czech Republic - Hotel Cristal and Continental"]
[Date "2016.11.22"]
[Round "4.89"]
[White "Prammer, Franz"]
[Black "Schmieder, Siegfried"]
[Result "1/2-1/2"]
[WhiteElo "1864"]
[BlackElo "2052"]
[PlyCount "90"]
[EventDate "2016.11.19"]

1. e4 d6 2. Nf3 Nf6 3. d3 g6 4. g3 Bg7 5. Bg2 Bg4 6. O-O Qd7 7. Re1 Nc6 8. c3
O-O 9. Nbd2 h5 10. Qc2 a5 11. a4 e5 12. Nc4 Rfe8 13. Ne3 Bxf3 14. Bxf3 Kh7 15.
Bg2 Bh6 16. Qe2 Kg7 17. b3 Nd8 18. Nd5 Nxd5 19. Bxh6+ Kxh6 20. exd5 f6 21. h4
Nf7 22. Kh2 f5 23. Qf3 Kg7 24. Qe3 b6 25. d4 Nh6 26. Qd2 e4 27. Bf1 Qf7 28. Bb5
Re7 29. Bc6 Rf8 30. Qf4 Qf6 31. Ra2 Nf7 32. Kg2 g5 33. hxg5 Nxg5 34. Rh1 Rh8
35. Re2 Nf3 36. Re3 h4 37. g4 Qg6 38. Qxf5 Qxf5 39. gxf5 Kf6 40. Bb5 Kxf5 41.
Kh3 Ng5+ 42. Kh2 Kf4 43. Be2 h3 44. Rg1 Rh4 45. Reg3 Rg7 1/2-1/2

[Event "26th WSCC 2016 Open 65+"]
[Site "Marianske Lazne, Czech Republic - Hotel Cristal and Continental"]
[Date "2016.11.22"]
[Round "4.90"]
[White "Hartlaub, Marianne"]
[Black "Flockerzi, Armin"]
[Result "0-1"]
[WhiteElo "1558"]
[BlackElo "1860"]
[PlyCount "124"]
[EventDate "2016.11.19"]

1. Nf3 d5 2. b3 Nf6 3. Bb2 e6 4. g3 Nbd7 5. Bg2 Bd6 6. O-O O-O 7. d3 e5 8. Nbd2
c5 9. Rc1 b6 10. a3 Bb7 11. h3 Re8 12. Nh2 Rb8 13. Ndf3 Qc7 14. e3 h6 15. Re1
a6 16. Nh4 Nf8 17. Nf5 Ng6 18. Nxd6 Qxd6 19. f4 Nd7 20. Ng4 f5 21. fxe5 Qe6 22.
Nxh6+ gxh6 23. Qh5 Kh7 24. Rf1 Rf8 25. Rf2 Rf7 26. d4 cxd4 27. exd4 b5 28. Rcf1
Ne7 29. Bc1 Rbf8 30. Rf4 Rg8 31. Kh2 Rg5 32. Qf3 Ng6 33. h4 Nxf4 34. hxg5 Nxg2
35. Kxg2 hxg5 36. Rh1+ Kg8 37. Qh5 Rg7 38. Bxg5 Nxe5 39. Qh8+ Kf7 40. Bh6 Rg8
41. Qh7+ Ke8 42. Qxb7 Nd7 43. Kf2 Nf6 44. Re1 Ne4+ 45. Rxe4 fxe4 46. Bf4 Rf8
47. Ke3 Rf6 48. Qb8+ Kf7 49. Qe5 Rg6 50. Qh5 Kg8 51. Be5 Rh6 52. Qg5+ Kf7 53.
Qg7+ Ke8 54. Bf4 Rg6 55. Qh8+ Rg8 56. Qh5+ Rg6 57. Qh8+ Kf7 58. Be5 Rg8 59.
Qh7+ Ke8 60. Qh5+ Qf7 61. Qxf7+ Kxf7 62. Kf4 Ke6 0-1

[Event "26th WSCC 2016 Open 65+"]
[Site "Marianske Lazne, Czech Republic - Hotel Cristal and Continental"]
[Date "2016.11.22"]
[Round "4.91"]
[White "Dubinsky, Alexander"]
[Black "Ramusch, Arnulf"]
[Result "1-0"]
[WhiteElo "1858"]
[BlackElo "2001"]
[PlyCount "119"]
[EventDate "2016.11.19"]

1. f4 d5 2. Nf3 c5 3. b3 Nc6 4. Bb2 e6 5. e3 a6 6. Nc3 Nf6 7. Ne2 Bd6 8. Ng3
O-O 9. a3 Bd7 10. Bd3 Re8 11. Ne5 Qc7 12. Nxc6 Bxc6 13. Bxf6 gxf6 14. Nh5 f5
15. Nf6+ Kg7 16. Qh5 Rh8 17. Qg5+ Kf8 18. Qh6+ Ke7 19. Nxh7 Rag8 20. Qf6+ Ke8
21. Ng5 Qe7 22. Qxe7+ Kxe7 23. Kf2 b5 24. Nf3 f6 25. c4 bxc4 26. bxc4 d4 27.
Rab1 dxe3+ 28. dxe3 Bc7 29. h4 Rh5 30. Be2 Rh6 31. g3 e5 32. Rhd1 Rhg6 33. Rg1
Rd8 34. h5 Rh6 35. Nh4 Be4 36. Rb2 Ke6 37. Rd1 Rg8 38. Ng6 Re8 39. Nh4 Rg8 40.
Ng2 Bc6 41. Rg1 Rh7 42. Nh4 Be4 43. g4 fxg4 44. Bxg4+ Ke7 45. f5 Rd8 46. Be2
Bc6 47. Ng6+ Kf7 48. Rd1 Ke8 49. Rg1 Rh6 50. Nh4 Kf7 51. Rg6 Rdh8 52. Rb1 Kf8
53. Rbg1 Be8 54. Rg7 R8h7 55. Rg8+ Kf7 56. Bf3 Ke7 57. Ng6+ Bxg6 58. fxg6 Rh8
59. Rxh8 Rxh8 60. g7 1-0

[Event "26th WSCC 2016 Open 65+"]
[Site "Marianske Lazne, Czech Republic - Hotel Cristal and Continental"]
[Date "2016.11.22"]
[Round "4.92"]
[White "Vagner, Grigorij"]
[Black "Krstic, Slobodan"]
[Result "0-1"]
[WhiteElo "1849"]
[BlackElo "1993"]
[PlyCount "92"]
[EventDate "2016.11.19"]

1. e4 e6 2. Nf3 b6 3. Nc3 Bb7 4. a3 g6 5. d3 Bg7 6. Be2 Ne7 7. Bg5 h6 8. Be3 d6
9. Bd4 e5 10. Be3 c5 11. O-O Nbc6 12. Re1 O-O 13. Qc1 Kh7 14. Nd2 f5 15. f3 f4
16. Bf2 h5 17. g4 fxg3 18. hxg3 Bh6 19. Kg2 Nd4 20. Qd1 Nec6 21. Nd5 Nxe2 22.
Qxe2 Nd4 23. Bxd4 cxd4 24. c4 Qg5 25. Rad1 Rf7 26. Rf1 Raf8 27. Rf2 Kg7 28.
Rdf1 Bc8 29. Rh1 Qd8 30. f4 exf4 31. e5 fxg3 32. Rxf7+ Rxf7 33. Ne4 Bg4 34. Qe1
Bf3+ 35. Kxg3 Bxh1 36. Qxh1 dxe5 37. Kg2 Qd7 38. Qh4 Qf5 39. Qg3 Qf1+ 40. Kh2
Bf4 41. Nxf4 Qxf4 42. Qxf4 exf4 43. Kg2 Kh6 44. Kf3 g5 45. Nd6 Rf6 46. Nb5 g4+
0-1

[Event "26th WSCC 2016 Open 65+"]
[Site "Marianske Lazne, Czech Republic - Hotel Cristal and Continental"]
[Date "2016.11.22"]
[Round "4.93"]
[White "Strand, Kjetil"]
[Black "Maman, Emanuel"]
[Result "1-0"]
[WhiteElo "1990"]
[BlackElo "1800"]
[PlyCount "87"]
[EventDate "2016.11.19"]

1. e4 e5 2. Nf3 d6 3. d4 exd4 4. Nxd4 Nf6 5. Nc3 Bd7 6. Bc4 Nc6 7. O-O Be7 8.
h3 O-O 9. Bg5 h6 10. Be3 a6 11. a4 Ne5 12. Bb3 c5 13. Nf3 Bc6 14. Nxe5 dxe5 15.
Qf3 Qc7 16. Rfd1 b6 17. Nd5 Nxd5 18. Bxd5 Rad8 19. Qg3 Kh8 20. c4 Bf6 21. Qf3
Rd6 22. Bxc6 Rxd1+ 23. Rxd1 Qxc6 24. b3 Qe6 25. Rd5 Bd8 26. Qd1 Bc7 27. Rd7 Qc6
28. Qd5 Qxd5 29. cxd5 Bd8 30. Rb7 a5 31. Kf1 Kg8 32. Ke2 f5 33. exf5 Rxf5 34.
Rb8 Rf8 35. Kd3 Bc7 36. Rb7 Rc8 37. Kc4 Kf8 38. d6 Bxd6 39. Rxb6 Ke7 40. Kd5
Rd8 41. Rb7+ Rd7 42. Rxd7+ Kxd7 43. Bxc5 Bc7 44. Bf8 1-0

[Event "26th WSCC 2016 Open 65+"]
[Site "Marianske Lazne, Czech Republic - Hotel Cristal and Continental"]
[Date "2016.11.22"]
[Round "4.94"]
[White "Marshall, Michael"]
[Black "Benson, Lachlan"]
[Result "1/2-1/2"]
[WhiteElo "1841"]
[BlackElo "1988"]
[PlyCount "92"]
[EventDate "2016.11.19"]

1. c4 Nf6 2. g3 e6 3. Bg2 d5 4. Nf3 Be7 5. O-O O-O 6. b3 b6 7. Bb2 Bb7 8. cxd5
exd5 9. d4 Nbd7 10. Nc3 Re8 11. e3 Bf8 12. Rc1 a6 13. Qc2 Rc8 14. Bh3 c5 15.
dxc5 Rxc5 16. Ba3 Rc7 17. Bxf8 Nxf8 18. Qb2 b5 19. Nd4 Ng6 20. Rfd1 Ne5 21. Bg2
g6 22. a3 Qe7 23. h3 Rec8 24. Nde2 Rd8 25. Nf4 Rcd7 26. Rd4 g5 27. Nfe2 Nc6 28.
Rd2 Ne4 29. Rdd1 Nxc3 30. Nxc3 Qe5 31. Rd2 d4 32. exd4 Rxd4 33. Rxd4 Qxd4 34.
Rd1 Qf6 35. Rxd8+ Nxd8 36. Qd2 Bxg2 37. Kxg2 h6 38. Ne4 Qe7 39. Qd5 Ne6 40. Qd3
Qxa3 41. Nf6+ Kg7 42. Nh5+ Kf8 43. Qc3 Qc5 44. Qh8+ Ke7 45. Qf6+ Ke8 46. Qh8+
Ke7 1/2-1/2

[Event "26th WSCC 2016 Open 65+"]
[Site "Marianske Lazne, Czech Republic - Hotel Cristal and Continental"]
[Date "2016.11.22"]
[Round "4.95"]
[White "Trojan, Lubos"]
[Black "Kaldybayev, Orazbek"]
[Result "1-0"]
[WhiteElo "1987"]
[BlackElo "1793"]
[PlyCount "191"]
[EventDate "2016.11.19"]

1. d4 d5 2. Nf3 c6 3. Nbd2 Nf6 4. e3 g6 5. Bd3 Nbd7 6. b3 Bg7 7. Bb2 O-O 8. O-O
Re8 9. h3 Qc7 10. c4 e6 11. Rc1 Qd6 12. Ne5 Qe7 13. f4 Nxe5 14. dxe5 Nd7 15.
Qf3 a5 16. e4 dxe4 17. Nxe4 a4 18. Nd6 Rf8 19. c5 axb3 20. axb3 f6 21. exf6
Nxf6 22. Be5 Nd5 23. Qe4 Nf6 24. Qe1 Nd7 25. Nxc8 Rfxc8 26. Bd6 Qf6 27. Bc4 Re8
28. b4 Bf8 29. Rd1 Bxd6 30. Rxd6 Nf8 31. Qe5 Kg7 32. Rfd1 Qxe5 33. fxe5 Re7 34.
Bb3 Ra3 35. R6d3 Rf7 36. Rf1 Rf5 37. Re1 Rf4 38. b5 Rb4 39. bxc6 bxc6 40. Ree3
Ra5 41. Rf3 Rxc5 42. Rd8 Rcb5 43. Bc2 Rb2 44. Bd3 Rxe5 45. Rdxf8 Rd2 46. R8f7+
Kg8 47. Rc7 Rg5 48. Bf1 Rd6 49. Ra3 Rgd5 50. Ra8+ Rd8 51. Rxd8+ Rxd8 52. Rxc6
Kf7 53. Rc7+ Kf6 54. Rxh7 Rd2 55. Rh8 e5 56. Rf8+ Kg5 57. Rf2 Rd1 58. Re2 Kf4
59. Kf2 e4 60. g3+ Ke5 61. Bg2 Rd4 62. h4 Kf5 63. Bh3+ Ke5 64. Bg4 Kd5 65. Bc8
Ke5 66. Bb7 Kf5 67. Rb2 Ra4 68. Rb5+ Kf6 69. Rg5 Rb4 70. Bd5 Rb2+ 71. Ke3 Rb1
72. Kxe4 Re1+ 73. Kf4 Rf1+ 74. Kg4 Re1 75. Bf3 Rc1 76. Be4 Rc4 77. Kf4 Kf7 78.
Ke5 Rc5+ 79. Kd6 Rc4 80. Kd5 Ra4 81. Bxg6+ Kf6 82. Bd3 Ra5+ 83. Ke4 Rxg5 84.
hxg5+ Kxg5 85. Be2 Kg6 86. Kd5 Kf6 87. Ke4 Kg6 88. Kf4 Kf6 89. Bd3 Kg7 90. Kg5
Kg8 91. Kg6 Kh8 92. Bb5 Kg8 93. g4 Kh8 94. g5 Kg8 95. Kh6 Kh8 96. g6 1-0

[Event "26th WSCC 2016 Open 65+"]
[Site "Marianske Lazne, Czech Republic - Hotel Cristal and Continental"]
[Date "2016.11.22"]
[Round "4.96"]
[White "Degtiarev, Viktor"]
[Black "Weller, Karl"]
[Result "1-0"]
[WhiteElo "1823"]
[BlackElo "1969"]
[PlyCount "98"]
[EventDate "2016.11.19"]

1. e4 c5 2. Nf3 d6 3. Bb5+ Nd7 4. d4 cxd4 5. Nxd4 a6 6. Bc4 e6 7. Nc3 Ngf6 8.
O-O b5 9. Bd3 Bb7 10. a3 Be7 11. Qe2 Qc7 12. Bd2 Rc8 13. Rae1 O-O 14. f4 Nc5
15. e5 Nxd3 16. exf6 Nxe1 17. fxe7 Qxe7 18. Rxe1 Qf6 19. Nf3 Rfd8 20. Qf2 h6
21. Be3 e5 22. fxe5 dxe5 23. Qg3 Bxf3 24. Qxf3 Qxf3 25. gxf3 f6 26. Kf2 Kf7 27.
Re2 f5 28. Bb6 Rd6 29. Ba5 Kf6 30. Na2 g5 31. Bc3 Re6 32. Nb4 Rd8 33. Nd3 Rde8
34. Kg3 h5 35. h4 f4+ 36. Kh3 g4+ 37. fxg4 hxg4+ 38. Kxg4 Rg8+ 39. Kf3 Kf5 40.
Rxe5+ Rxe5 41. Bxe5 Rg3+ 42. Kf2 Rh3 43. Bxf4 Rxh4 44. Bg3 Rc4 45. Ne1 Ke4 46.
Ke2 a5 47. Bf2 b4 48. a4 b3 49. cxb3 Rb4 1-0

[Event "26th WSCC 2016 Open 65+"]
[Site "Marianske Lazne, Czech Republic - Hotel Cristal and Continental"]
[Date "2016.11.22"]
[Round "4.97"]
[White "Taksrud, Vidar"]
[Black "Scholtyssek, Werner"]
[Result "1-0"]
[WhiteElo "1964"]
[BlackElo "1734"]
[PlyCount "95"]
[EventDate "2016.11.19"]

1. d4 c5 2. d5 d6 3. e4 Nf6 4. Nc3 g6 5. Nf3 Bg7 6. Bb5+ Nfd7 7. O-O a6 8. Be2
O-O 9. a4 Ne5 10. Nxe5 Bxe5 11. Bh6 Bg7 12. Qd2 Nd7 13. Bxg7 Kxg7 14. f4 f5 15.
exf5 gxf5 16. Rae1 Nf6 17. Qe3 Rf7 18. Bc4 Kh8 19. Rf3 Qf8 20. Rg3 Bd7 21. Qe2
Re8 22. b3 Rg7 23. Rxg7 Qxg7 24. Qd2 h5 25. Re3 Qh6 26. Rg3 Rg8 27. Rg5 Nh7 28.
Rxg8+ Kxg8 29. a5 Qg7 30. Qe3 Kf8 31. Kf2 Nf6 32. h3 h4 33. g3 hxg3+ 34. Qxg3
Qh6 35. Bf1 Nh5 36. Qg5 Qh8 37. Ne2 Nf6 38. Bg2 Ne4+ 39. Bxe4 fxe4 40. h4 Qf6
41. Ke3 Bb5 42. Qxf6+ exf6 43. c4 Bd7 44. Kxe4 f5+ 45. Ke3 Kg7 46. Ng3 Kh6 47.
Kd2 Bc8 48. Kc3 1-0

[Event "26th WSCC 2016 Open 65+"]
[Site "Marianske Lazne, Czech Republic - Hotel Cristal and Continental"]
[Date "2016.11.22"]
[Round "4.98"]
[White "Bauder, Herbert"]
[Black "Filzmaier, Bruno"]
[Result "1/2-1/2"]
[WhiteElo "1963"]
[BlackElo "1760"]
[PlyCount "105"]
[EventDate "2016.11.19"]

1. d4 e6 2. Nf3 d5 3. c4 Nf6 4. Nc3 a6 5. cxd5 exd5 6. Bg5 c6 7. e3 Be7 8. Qc2
O-O 9. Bd3 h6 10. Bh4 Nbd7 11. O-O Re8 12. h3 Ne4 13. Bxe7 Qxe7 14. Rab1 f5 15.
b4 Ndf6 16. Ne5 Nxc3 17. Qxc3 Ne4 18. Qc2 Be6 19. f3 Nd6 20. Rfe1 Qf6 21. a4
Nf7 22. f4 Nxe5 23. fxe5 Qf8 24. Rf1 g6 25. g4 Qg7 26. gxf5 Bxf5 27. Bxf5 gxf5+
28. Kh2 Kh8 29. Rg1 Qf7 30. Rbf1 Rf8 31. Rg2 Qh7 32. Rgf2 Rf7 33. Rg1 Raf8 34.
Rf4 Rg8 35. Rxg8+ Kxg8 36. Qf2 Qg6 37. Rf3 Qh5 38. Rg3+ Kf8 39. Qf3 Qxf3 40.
Rxf3 Ke7 41. Rf4 Ke6 42. Rh4 Rh7 43. Kg3 Kf7 44. Rf4 Rg7+ 45. Kf2 Ke6 46. Rf3
b6 47. Rg3 Rg5 48. Kf3 c5 49. bxc5 bxc5 50. Rg2 Rxg2 51. Kxg2 c4 52. Kf2 a5 53.
Ke2 1/2-1/2

[Event "26th WSCC 2016 Open 65+"]
[Site "Marianske Lazne, Czech Republic - Hotel Cristal and Continental"]
[Date "2016.11.22"]
[Round "4.99"]
[White "Kolek, Josef"]
[Black "Schwertel, Johann"]
[Result "1/2-1/2"]
[WhiteElo "1801"]
[BlackElo "1961"]
[PlyCount "84"]
[EventDate "2016.11.19"]

1. e4 c6 2. d4 d5 3. Nd2 dxe4 4. Nxe4 Nf6 5. Nxf6+ exf6 6. Nf3 Bd6 7. Bd3 O-O
8. O-O Nd7 9. c3 Re8 10. Re1 Nf8 11. Be3 Be6 12. b3 Qd7 13. h3 Rad8 14. a4 b6
15. Qc2 Bb8 16. c4 Rc8 17. Qb2 Bf5 18. Qc2 Bg6 19. Rad1 Bh5 20. Be2 Qe7 21. Qc1
Rcd8 22. g3 Qc7 23. Kg2 Rd7 24. Qa1 Rde7 25. Ng1 Bxe2 26. Nxe2 Ne6 27. Qb2 h5
28. h4 f5 29. d5 cxd5 30. cxd5 Nc5 31. Bxc5 Qxc5 32. Qd2 f6 33. b4 Qc4 34. Nc3
Qxb4 35. Rxe7 Rxe7 36. d6 Rd7 37. Qd5+ Kf8 38. Qe6 Rxd6 39. Qc8+ Kf7 40. Re1
Kg6 41. Qe8+ Kh6 42. Qh8+ Kg6 1/2-1/2

[Event "26th WSCC 2016 Open 65+"]
[Site "Marianske Lazne, Czech Republic - Hotel Cristal and Continental"]
[Date "2016.11.22"]
[Round "4.100"]
[White "Bernhoeft, Erhard"]
[Black "Klus, Jan"]
[Result "1-0"]
[WhiteElo "1962"]
[BlackElo "1694"]
[PlyCount "45"]
[EventDate "2016.11.19"]

1. c4 e6 2. g3 Nf6 3. Bg2 d5 4. Nf3 dxc4 5. Qa4+ Qd7 6. Qxc4 Bd6 7. O-O O-O 8.
d4 c6 9. Nc3 b6 10. Ne5 Bxe5 11. dxe5 Ne8 12. Rd1 Qc7 13. Bf4 Ba6 14. Qe4 h6
15. b4 g5 16. Be3 Ng7 17. b5 Bb7 18. h4 Nf5 19. hxg5 Nxe3 20. Qxe3 c5 21. gxh6
Kh8 22. Qg5 f5 23. Qg7+ 1-0

[Event "26th WSCC 2016 Open 65+"]
[Site "Marianske Lazne, Czech Republic - Hotel Cristal and Continental"]
[Date "2016.11.22"]
[Round "4.101"]
[White "De Giorgis, Georges"]
[Black "Gutt, Gregory"]
[Result "0-1"]
[WhiteElo "1653"]
[BlackElo "1766"]
[PlyCount "40"]
[EventDate "2016.11.19"]

1. g4 Nf6 2. g5 Nd5 3. c4 Nb6 4. c5 Nc4 5. b3 Ne5 6. f4 Ng6 7. e3 d5 8. cxd6
exd6 9. Nf3 Nd7 10. Bb5 c6 11. Bc4 d5 12. Bd3 Nc5 13. O-O Nxd3 14. Qe2 Nb4 15.
Ba3 Nc2 16. Bxf8 Rxf8 17. Nc3 Nxa1 18. Rxa1 Bg4 19. Rf1 Nh4 20. h3 Nxf3+ 0-1

[Event "26th WSCC 2016 Open 65+"]
[Site "Marianske Lazne, Czech Republic - Hotel Cristal and Continental"]
[Date "2016.11.22"]
[Round "4.102"]
[White "Usselman, Paul"]
[Black "Rucka, Alois"]
[Result "0-1"]
[WhiteElo "1798"]
[BlackElo "1953"]
[PlyCount "72"]
[EventDate "2016.11.19"]

1. Nf3 d5 2. g3 Nf6 3. Bg2 Bf5 4. d3 Nbd7 5. Nc3 c6 6. Bf4 h6 7. h3 g5 8. Bd2
e5 9. e3 Bg7 10. Qe2 e4 11. Nd4 Bg6 12. dxe4 dxe4 13. Qc4 O-O 14. a4 Re8 15. a5
a6 16. g4 Rc8 17. Qb3 Qc7 18. Nde2 Re5 19. O-O h5 20. gxh5 Nxh5 21. Rfd1 Rce8
22. Be1 Nhf6 23. Ng3 Nc5 24. Qc4 Qe7 25. Nce2 Ncd7 26. Bc3 Rc5 27. Qa4 Rd5 28.
Rxd5 Nxd5 29. Bxg7 Kxg7 30. Nd4 Qe5 31. c3 Nxe3 32. Nxc6 bxc6 33. Qxc6 Nxg2 34.
Qxd7 Nh4 35. Rd1 e3 36. Rd5 exf2+ 0-1

[Event "26th WSCC 2016 Open 65+"]
[Site "Marianske Lazne, Czech Republic - Hotel Cristal and Continental"]
[Date "2016.11.22"]
[Round "4.103"]
[White "Barboza, Mauro"]
[Black "Mohammadian, Mohammad"]
[Result "1-0"]
[WhiteElo "1944"]
[BlackElo "1683"]
[PlyCount "127"]
[EventDate "2016.11.19"]

1. e4 e5 2. Nf3 Nc6 3. Bc4 Bc5 4. b4 Bb6 5. d3 d6 6. c3 Bg4 7. Be3 Nf6 8. Bg5
h6 9. Bh4 g5 10. Bg3 Nh5 11. Nbd2 a6 12. Qb3 Qe7 13. a4 Be6 14. a5 Ba7 15. b5
axb5 16. Qxb5 Rb8 17. Bxe6 Qxe6 18. a6 Qd7 19. axb7 Ke7 20. Nc4 Nf6 21. O-O Bb6
22. Nxb6 cxb6 23. d4 Rxb7 24. Rfe1 Rc8 25. Qb2 Nh5 26. dxe5 dxe5 27. Nxe5 Nxe5
28. Bxe5 Qe6 29. Qb4+ Ke8 30. Bd6 b5 31. Qd4 f6 32. e5 f5 33. Ra6 Qc4 34. Rd1
Nf4 35. Qxc4 Rxc4 36. Ra8+ Kf7 37. Rf8+ Kg6 38. Rf6+ Kh5 39. Bf8 Rh7 40. h3
Rxc3 41. Rxf5 Ne2+ 42. Kh2 Rc4 43. Rd6 Rf4 44. Rxf4 Nxf4 45. e6 Ng6 46. e7 Nxe7
47. Bxe7 g4 48. Rd5+ Kg6 49. Bb4 gxh3 50. Kxh3 Rb7 51. Kg4 Rb6 52. Rd6+ Rxd6
53. Bxd6 h5+ 54. Kh4 Kh6 55. Bb4 Kg6 56. Bd2 Kh7 57. Kxh5 Kg7 58. g4 Kh7 59. f4
Kg7 60. g5 Kh7 61. g6+ Kg8 62. Kh6 Kh8 63. g7+ Kg8 64. Bb4 1-0

[Event "26th WSCC 2016 Open 65+"]
[Site "Marianske Lazne, Czech Republic - Hotel Cristal and Continental"]
[Date "2016.11.22"]
[Round "4.104"]
[White "Malinovsky, Jozef"]
[Black "Mittelbach, Zdenek"]
[Result "1-0"]
[WhiteElo "1794"]
[BlackElo "1944"]
[PlyCount "103"]
[EventDate "2016.11.19"]

1. e4 d6 2. d4 g6 3. Be2 Bg7 4. Be3 c5 5. c3 cxd4 6. cxd4 Qb6 7. Qd2 Nf6 8. Nc3
O-O 9. Nf3 Ng4 10. Nd5 Qd8 11. Bg5 f6 12. Bh4 Nc6 13. h3 Nh6 14. Bg3 e5 15.
dxe5 dxe5 16. Rd1 Be6 17. Bc4 Nf7 18. O-O Kh8 19. a3 Nd6 20. Ba2 Nxe4 21. Qc2
Nxg3 22. fxg3 Bxd5 23. Rxd5 Qb6+ 24. Kh2 Rfd8 25. Rfd1 Rxd5 26. Rxd5 Rd8 27.
Rxd8+ Qxd8 28. Qc4 Ne7 29. b4 g5 30. Qf7 h6 31. Bb1 Qf8 32. Qe6 f5 33. Nxe5 Qf6
34. Qxe7 Qxe5 35. Qxb7 Kh7 36. Qxa7 Kg6 37. Qd7 h5 38. Qc6+ Bf6 39. Qc5 Qe6 40.
g4 Be5+ 41. Kh1 hxg4 42. hxg4 Kg7 43. Qa7+ Kg8 44. Qa8+ Kg7 45. Qb7+ Kh8 46.
Bxf5 Qh6+ 47. Kg1 Qh2+ 48. Kf1 Qf4+ 49. Ke2 Qc4+ 50. Bd3 Qxg4+ 51. Qf3 Qxf3+
52. Kxf3 1-0

[Event "26th WSCC 2016 Open 65+"]
[Site "Marianske Lazne, Czech Republic - Hotel Cristal and Continental"]
[Date "2016.11.22"]
[Round "4.105"]
[White "Ben-Zeev, Moshe"]
[Black "Zurel, Maxim"]
[Result "1-0"]
[WhiteElo "1943"]
[BlackElo "1635"]
[PlyCount "66"]
[EventDate "2016.11.19"]

1. d4 Nf6 2. Bf4 d6 3. Nf3 e6 4. c4 Be7 5. Nc3 O-O 6. e4 c5 7. dxc5 dxc5 8. Qb3
Nh5 9. Rd1 Qb6 10. Qxb6 axb6 11. Bc7 Na6 12. Bxb6 Nb4 13. a4 Ra6 14. a5 Nc6 15.
Ra1 Bd8 16. Bxc5 Re8 17. b4 b6 18. Bd6 Be7 19. c5 Ra8 20. Bb5 Bd7 21. Bxe7 Rxe7
22. Bxc6 Bxc6 23. Nd4 Be8 24. cxb6 Rc8 25. Ra3 Rd7 26. Ndb5 Rd3 27. b7 Rb8 28.
a6 Rdd8 29. a7 Rxb7 30. a8=Q Rbb8 31. Qa5 Bc6 32. Na7 Bd5 33. exd5 exd5 1-0

[Event "26th WSCC 2016 Open 65+"]
[Site "Marianske Lazne, Czech Republic - Hotel Cristal and Continental"]
[Date "2016.11.22"]
[Round "4.106"]
[White "Freeke, Kees"]
[Black "Valtera, Jiri"]
[Result "0-1"]
[WhiteElo "1791"]
[BlackElo "1943"]
[PlyCount "88"]
[EventDate "2016.11.19"]

1. e4 c5 2. d3 Nc6 3. f4 d6 4. Nf3 g6 5. Be2 Bg7 6. O-O e6 7. Kh1 Nge7 8. Qe1
Nd4 9. Bd1 O-O 10. c3 Nxf3 11. Bxf3 Nc6 12. Na3 Rb8 13. Nc2 d5 14. Qf2 d4 15.
c4 Qc7 16. g3 a6 17. a4 Bd7 18. Ne1 b5 19. axb5 axb5 20. b3 bxc4 21. bxc4 Ra8
22. Rxa8 Rxa8 23. f5 exf5 24. exf5 Bxf5 25. Bf4 Qd7 26. Bd5 Be6 27. Qf3 Bxd5
28. cxd5 Nb4 29. d6 Ra7 30. g4 Qb7 31. Qxb7 Rxb7 32. Rf2 Rd7 33. Re2 Bf8 34.
Re8 Kg7 35. Rc8 Bxd6 36. Bxd6 Rxd6 37. Rxc5 Re6 38. Rc1 Re3 39. Rd1 Kf6 40. Kg2
Nd5 41. g5+ Kxg5 42. Nf3+ Kh6 43. Nxd4 Nf4+ 44. Kf2 Rxd3 0-1

[Event "26th WSCC 2016 Open 65+"]
[Site "Marianske Lazne, Czech Republic - Hotel Cristal and Continental"]
[Date "2016.11.22"]
[Round "4.107"]
[White "Briza, Jiri"]
[Black "Glacner, Karel"]
[Result "1-0"]
[WhiteElo "1941"]
[BlackElo "1629"]
[PlyCount "84"]
[EventDate "2016.11.19"]

1. b3 e6 2. Bb2 f5 3. e4 Qh4 4. exf5 Qe4+ 5. Ne2 exf5 6. Nbc3 Qe6 7. Nb5 Na6 8.
Nbd4 Qf6 9. Ng3 c5 10. Bxa6 cxd4 11. Bc4 Bc5 12. Qh5+ g6 13. Qf3 Ne7 14. O-O
Qc6 15. Qf4 d5 16. Bxd4 Bxd4 17. Qxd4 O-O 18. Rfe1 Qd6 19. Qe5 Qxe5 20. Rxe5
dxc4 21. Rxe7 Rd8 22. Nf1 Rd4 23. Re8+ Kg7 24. Rae1 b5 25. R1e7+ Kf6 26. Rxh7
f4 27. Rhh8 cxb3 28. axb3 a5 29. Rxc8 Rxc8 30. Rxc8 a4 31. bxa4 Rxa4 32. c3 Ra3
33. f3 Rb3 34. Kf2 b4 35. Rb8 Ke6 36. Rxb4 Rxb4 37. cxb4 Kd5 38. d3 Kc6 39. d4
g5 40. h3 Kc7 41. g4 Kc6 42. h4 gxh4 1-0

[Event "26th WSCC 2016 Open 65+"]
[Site "Marianske Lazne, Czech Republic - Hotel Cristal and Continental"]
[Date "2016.11.22"]
[Round "4.108"]
[White "Scharff, Klaus"]
[Black "Rychtecky, Pavel"]
[Result "1-0"]
[WhiteElo "1934"]
[BlackElo "1601"]
[PlyCount "107"]
[EventDate "2016.11.19"]

1. d4 e6 2. c4 Nf6 3. Nc3 d5 4. Bg5 Be7 5. e3 O-O 6. Bd3 h6 7. Bh4 c6 8. Nge2
Nbd7 9. O-O b6 10. f4 Bb7 11. h3 c5 12. cxd5 Nxd5 13. Bxe7 Nxc3 14. bxc3 Qxe7
15. Ng3 Rac8 16. Kh2 Nf6 17. Qd2 Rfd8 18. Rae1 cxd4 19. cxd4 Rc7 20. Rc1 Rdc8
21. Rxc7 Qxc7 22. Rf2 Qc3 23. Qd1 Qa3 24. Rc2 Rc3 25. Rxc3 Qxc3 26. Qc2 Qxc2
$11 27. Bxc2 Bd5 28. a3 g6 29. Kg1 Kf8 30. Kf2 Ke7 31. e4 Bc6 32. Ke3 b5 33.
Ne2 a5 34. Nc3 Kd7 35. g4 Kc7 36. g5 hxg5 37. fxg5 Ne8 38. e5 Kb6 39. h4 Nc7
40. Bb3 b4 41. axb4 axb4 42. Na4+ Ka5 43. Nc5 Nd5+ 44. Kf2 Ne7 45. Bc2 Bb5 46.
Nb7+ Kb6 $11 47. Nd6 Nf5 48. Nxf5 exf5 49. Bb3 Be8 50. d5 Kc5 51. Ke3 f4+ 52.
Kxf4 Kd4 53. d6 Kc3 54. Bxf7 1-0

[Event "26th WSCC 2016 Open 65+"]
[Site "Marianske Lazne, Czech Republic - Hotel Cristal and Continental"]
[Date "2016.11.22"]
[Round "4.109"]
[White "Mella, Aage"]
[Black "Bernardo Jimenez, Fernando"]
[Result "1/2-1/2"]
[WhiteElo "1781"]
[BlackElo "1926"]
[PlyCount "69"]
[EventDate "2016.11.19"]

1. c4 c5 2. Nf3 Nf6 3. g3 g6 4. Bg2 Bg7 5. O-O O-O 6. Nc3 Nc6 7. d3 d6 8. Bd2
Rb8 9. a3 a6 10. Rb1 Na7 11. b4 cxb4 12. axb4 Qc7 13. b5 axb5 14. cxb5 b6 15.
Ng5 Bb7 16. Nge4 Nxe4 17. Nxe4 Nc8 18. Qb3 Qd7 19. Rfc1 d5 20. Ng5 e6 21. Nf3
Ne7 22. Bf4 Rbc8 23. Ne5 Bxe5 24. Bxe5 f6 25. Bb2 Rxc1+ 26. Rxc1 Nc8 27. Ba3
Rf7 28. Qa4 Kg7 29. e3 Nd6 30. Bxd6 Qxd6 31. d4 Qb8 32. Rc3 Rd7 33. Qc2 Kf7 34.
Bf1 Ke7 35. Qc1 1/2-1/2